00405nam a2200133 a 450000100100000000500170001000800410002704000250006808200080009310000360010124500670013726000400020430000270024400003432720200930073636.0111003s1834 xxu 000 0 spa d aDO-SdBNPbspacBNPHU axxx1 aIrving, Washington,d1783-1859.10aLife and voyages of Christopher Columbus /cWashington Irving. aNew York :bN. and J. White,c1834. aiv, 218 p. : ;c15 cm.